With the AURORA in the Antarctic. 1911, 1914. By John King Davis, Extra Master, Lieut. Commander R.A.N.R., F.R.G.S. Chief Officer NIMROD, British Antarctic Expedition, 1907-9; Master AURORA, Australasian Antarctic Expedition, 1911-14; Commander ROSS SEA Relief Expedition, 1916
Salvato in:
| Autore principale: | |
|---|---|
| Natura: | Libro |
| Lingua: | inglese |
| Pubblicazione: |
Londres
Andrew Melrose, Ltd
1919
|
| Edizione: | 1a. ed |
| Soggetti: | |
| Tags: |
Aggiungi Tag
Nessun Tag, puoi essere il primo ad aggiungerne!!
|
MARC
| LEADER | 00000nam a2200000 a 4500 | ||
|---|---|---|---|
| 001 | UCJ5594 | ||
| 003 | CL-VaPUC | ||
| 008 | 070124e19190800UK |||||||||||||||||eng|d | ||
| 082 | 0 | 4 | |a 910.4 |b DAV |2 21 |
| 100 | 0 | |a Davis, John King |e author |9 510958 | |
| 245 | 1 | 0 | |a With the AURORA in the Antarctic. 1911, 1914. By John King Davis, Extra Master, Lieut. Commander R.A.N.R., F.R.G.S. Chief Officer NIMROD, British Antarctic Expedition, 1907-9; Master AURORA, Australasian Antarctic Expedition, 1911-14; Commander ROSS SEA Relief Expedition, 1916 |
| 250 | |a 1a. ed | ||
| 300 | |a xxi, 178 p | ||
| 942 | |c BK | ||
| 945 | |d 20070124 00:00:00 |a rinostro | ||
| 260 | |a Londres |b Andrew Melrose, Ltd |c 1919 | ||
| 500 | |a Front., fotografía del autor; ilustraciones, mapas e iconografía completas, según índice | ||
| 600 | 0 | 7 | |a MASSON, ORME |2 CL-VaPUC |9 510694 |
| 600 | 0 | 7 | |a BLAIR, J. H. |2 CL-VaPUC |9 510959 |
| 600 | 0 | 7 | |a GILLIES, F. J. |2 CL-VaPUC |9 510960 |
| 600 | 0 | 7 | |a GRAY, P. |2 CL-VaPUC |9 510961 |
| 600 | 0 | 7 | |a DE LA MOTTE, C. P. |2 CL-VaPUC |9 510962 |
| 600 | 0 | 7 | |a MERTZ, X. |2 CL-VaPUC |9 510963 |
| 600 | 0 | 7 | |a NINNIS, B. E. |2 CL-VaPUC |9 510964 |
| 650 | 0 | |a Viajes |9 257115 | |
| 650 | 0 | |a Expediciones científicas |9 265222 | |
| 650 | 0 | |a Arquitectura naval |9 261969 | |
| 650 | 7 | |a NAVES |2 CL-VaPUC |9 380983 | |
| 650 | 0 | |a Historia |9 255047 | |
| 650 | 7 | |a BALLENAS |2 CL-VaPUC |9 261767 | |
| 650 | 7 | |a GLOSARIO GLACIOLOGICO |2 CL-VaPUC |9 510965 | |
| 650 | 0 | |a Mapas |9 260844 | |
| 650 | 0 | |a Iconografía |9 267998 | |
| 650 | 0 | |a Ilustraciones |9 369481 | |
| 651 | 0 | |a Antártica (Antártida) |9 324088 | |
| 583 | |a last modification |c 20070124 00:00:00 |k Rodrigo Vera | ||
| 999 | |c 321703 |d 321701 | ||
| 952 | |0 0 |1 0 |4 0 |6 910_400000000000000_DAV_1919 |7 0 |8 X |9 400521 |a FDOBUD |b FDOBUD |d 2019-11-22 |i 1036769 |o 910.4 DAV 1919 |p 1036769 |r 2019-11-22 |w 2019-11-22 |y BK_X |k BUD | ||